Name The Top 100 Songs Of 2020 - Statistics

General Stats
  • This quiz has been taken 165 times
  • The average score is 14 of 100
Answer Stats
No. Hint Answer % Correct
1 The Weeknd Blinding Lights
85%
20 Harry Styles Watermelon Sugar
63%
2 Post Malone Circles
58%
3 Roddy Ricch The Box
57%
14 Tones And I Dance Monkey
54%
46 Billie Eilish Bad Guy
51%
10 Lewis Capaldi Someone You Loved
49%
24 Cardi B WAP
41%
5 DaBaby Rockstar
38%
11 Doja Cat Say So
38%
15 Megan Thee Stallion Savage
36%
4 Dua Lipa Don't Start Now
32%
38 BTS Dynamite
27%
8 Maroon 5 Memories
26%
55 Lizzo Truth Hurts
26%
44 Shawn Mendes Senorita
25%
6 Harry Styles Adore You
24%
48 Lady Gaga Rain On Me
24%
16 Arizona Zervas Roxanne
23%
67 Mariah Carey All I Want For Christmas Is You
22%
47 24kGoldn Mood
21%
35 Jawsh 685 x Jason Derulo Savage Love
21%
13 Jack Harlow What's Poppin
20%
58 Justin Bieber Yummy
20%
72 Young Thug Hot
19%
21 Lewis Capaldi Before You Go
18%
19 SAINt JHN Roses
18%
31 Lizzo Good As Hell
16%
23 Dan + Shay 10,000 hours
15%
33 Dua Lipa Break My Heart
15%
28 The Weeknd Heartless
15%
71 Lil Nas X Panini
14%
27 Lil Mosey Blueberry Faygo
13%
62 Eminem Godzilla
13%
26 Blackbear Hot Girl Bummer
13%
30 Selena Gomez Lose You To Love Me
13%
80 Ariana Grande Stuck With U
12%
18 Billie Eilish Everything I Wanted
11%
22 Trevor Daniel Falling
11%
25 Mustard Ballin'
10%
43 Powfu Death Bed
10%
12 Gabby Barrett I Hope
10%
84 BENEE Supalonely
10%
9 Maren Morris The Bones
10%
83 Pop Smoke Dior
9%
56 JP Saxe If The World Was Ending
9%
17 Justin Bieber Intentions
9%
7 Future Life Is Good
9%
37 Camila Cabello My Oh My
8%
86 THE SCOTTS The Scotts
8%
54 Juice WRLD Come And Go
7%
39 Chris Brown Go Crazy
7%
51 Rod Wave Heart On Ice
7%
45 Travis Scott HIGHEST IN THE ROOM
7%
77 Jonas Brothers Only Human
7%
64 StaySolidRocky Party Girl
7%
50 Black Eyed Peas X J Balvin RITMO
7%
61 Surfaces Sunday Best
7%
32 Drake Toosie Slide
7%
53 SHAED Trampoline
7%
92 Juice WRLD Wishing Well
7%
29 DaBaby BOP
6%
49 Pop Smoke For The Night
6%
87 Doja Cat Juicy
6%
66 DJ Khaled Popstar
5%
75 YNW Melly Suicidal
5%
65 Maddie And Tae Die From A Broken Heart
4%
40 Roddy Ricch High Fashion
4%
41 Drake Laugh Now Cry Later
4%
81 Pop Smoke Mood Swings
4%
59 Old Dominion One Man Band
4%
90 Rod Wave Rags2Riches
4%
78 Pop Smoke The Woo
4%
100 NLE Choppa Walk Em Down
4%
42 Lil Baby Woah
4%
82 Halsey You Should Be Sad
4%
63 Juice WRLD Bandit
3%
91 Miranda Lambert Bluebird
3%
93 Luke Combs Does To Me
3%
95 Surf Mesa ily
3%
96 Morgan Wallen More Than My Hometown
3%
36 Chris Brown No Guidance
3%
94 Jhene Aiko PUSSY Fairy
3%
99 H.E.R. Slide
3%
79 Lil Baby Sum 2 Prove
3%
76 Lil Baby The Bigger Picture
3%
57 Lil Baby We Paid
3%
88 Kane Brown Be Like That
2%
34 Morgan Wallen Chasin' You
2%
60 Jason Aldean Got What I Got
2%
69 Sam Hunt Hard To Forget
2%
89 Kane Brown Homesick
2%
73 Carly Pearce I Hope You're Happy Now
2%
97 Luke Combs Lovin' On You
2%
52 Blake Shelton Nobody But You
2%
70 Luke Bryan One Margarita
2%
68 Lee Brice One Of Them Girls
2%
98 Moneybagg Yo Said Sum
2%
74 Lil Baby Emotionally Scared
1%
85 Luke Combs Even Though I'm Leaving
1%
No matching quizzes found
Score Distribution
Percent of People with Each Score
Percentile by Number Answered
Your Score History
You have not taken this quiz